Madden NFL 22 Top 50 Players - Statistics

General Stats
  • This quiz has been taken 458 times
    432 since last reset
  • The average score is 41 of 50
Answer Stats
Club Position Overall Player % Correct
Los Angeles Rams RE 99 Aaron Donald
98%
Green Bay Packers WR 99 Davante Adams
98%
Kansas City Chiefs QB 98 Patrick Mahomes
98%
Tampa Bay Buccaneers QB 98 Tom Brady
98%
Kansas City Chiefs TE 99 Travis Kelce
98%
Tennessee Titans HB 98 Derrick Henry
97%
Los Angeles Rams CB 99 Jalen Ramsey
97%
Green Bay Packers QB 96 Aaron Rodgers
96%
Arizona Cardinals WR 98 DeAndre Hopkins
96%
Buffalo Bills WR 97 Stefon Diggs
96%
Cleveland Browns RE 98 Myles Garrett
95%
Kansas City Chiefs WR 97 Tyreek Hill
95%
Carolina Panthers HB 97 Christian McCaffrey
94%
San Francisco 49ers TE 96 George Kittle
93%
Cleveland Browns HB 96 Nick Chubb
92%
Seattle Seahawks QB 94 Russell Wilson
90%
Pittsburgh Steelers LOLB 95 T.J. Watt
90%
Minnesota Vikings HB 95 Dalvin Cook
89%
Green Bay Packers HB 92 Aaron Jones
88%
New Orleans Saints HB 94 Alvin Kamara
87%
Arizona Cardinals LOLB 95 Chandler Jones
87%
Baltimore Ravens QB 92 Lamar Jackson
87%
San Francisco 49ers RE 93 Nick Bosa
87%
Dallas Cowboys RG 98 Zack Martin
87%
Los Angeles Chargers LOLB 92 Joey Bosa
86%
Green Bay Packers CB 95 Jaire Alexander
85%
Los Angeles Chargers WR 93 Keenan Allen
85%
San Francisco 49ers MLB 94 Fred Warner
84%
Seattle Seahawks MLB 93 Bobby Wagner
82%
New Orleans Saints WR 92 Michael Thomas
82%
San Francisco 49ers LT 95 Trent Williams
82%
Dallas Cowboys WR 93 Amari Cooper
80%
Arizona Cardinals SS 93 Budda Baker
80%
Las Vegas Raiders TE 92 Darren Waller
80%
Chicago Bears LOLB 94 Khalil Mack
80%
Indianapolis Colts LG 96 Quenton Nelson
80%
Kansas City Chiefs SS 95 Tyrann Mathieu
76%
Carolina Panthers CB 97 Stephon Gilmore
75%
Buffalo Bills CB 93 Tre'Davious White
75%
Pittsburgh Steelers RE 93 Cameron Heyward
72%
Dallas Cowboys LT 93 Tyron Smith
69%
Tampa Bay Buccaneers DT 93 Vita Vea
69%
Indianapolis Colts DT 92 DeForest Buckner
66%
Green Bay Packers LT 96 David Bakhtiari
62%
New Orleans Saints MLB 92 Demario Davis
61%
Los Angeles Rams LOLB 93 Von Miller
57%
New Orleans Saints LT 94 Terron Armstead
50%
Baltimore Ravens LT 92 Ronnie Stanley
43%
Tampa Bay Buccaneers C 92 Ryan Jensen
40%
Arizona Cardinals C 92 Rodney Hudson
34%
No matching quizzes found
Score Distribution
Percent of People with Each Score
Percentile by Number Answered
Your Score History
You have not taken this quiz since the last reset